BIBLIOTECA

SENCICO

Bocetaje. Las bases (Registro nro. 2440)

Detalles MARC
000 -LEADER
fixed length control field 00625nam a2200241Ia 4500
005 - DATE AND TIME OF LATEST TRANSACTION
control field 20251020182542.0
008 - FIXED-LENGTH DATA ELEMENTS--GENERAL INFORMATION
fixed length control field 200515s9999 xx 000 0 und d
020 ## - INTERNATIONAL STANDARD BOOK NUMBER
International Standard Book Number 978-90-6369-325-1
082 ## - DEWEY DECIMAL CLASSIFICATION NUMBER
Classification number 741.2/E34
100 ## - MAIN ENTRY--PERSONAL NAME
Personal name Eissen, Koos
100 ## - MAIN ENTRY--PERSONAL NAME
Personal name Steur, Roselien
245 #0 - TITLE STATEMENT
Title Bocetaje. Las bases
260 ## - PUBLICATION, DISTRIBUTION, ETC.
Place of publication, distribution, etc. Barcelona
260 ## - PUBLICATION, DISTRIBUTION, ETC.
Name of publisher, distributor, etc. Bispublishers
260 ## - PUBLICATION, DISTRIBUTION, ETC.
Date of publication, distribution, etc. 2013
300 ## - PHYSICAL DESCRIPTION
Extent 202 p.
300 ## - PHYSICAL DESCRIPTION
Other physical details il.
500 ## - GENERAL NOTE
General note 1 ejemplar
520 ## - SUMMARY, ETC.
Summary, etc. El dibujo en el diseño esta involucrado en un proceso que a su vez contiene muchos aspectos llamativos
650 ## - SUBJECT ADDED ENTRY--TOPICAL TERM
Topical term or geographic name entry element BOCETOS
942 ## - ADDED ENTRY ELEMENTS (KOHA)
Koha item type Libros
Existencias
Fecha de la última vez que lo usaron Pago total Signatura topográfica completa Código de barras Precio efectivo desde Tipo de documento Estado perdido Estado dañado No es para préstamo Retirado Ubicación permanente Ubicación actual Fecha de adquisición
15/05/2020   741.2/E34 Bib-Lima15052440 15/05/2020 Libros         Biblioteca Central Lima Biblioteca Central Lima 15/05/2020